|
|
|
|
| LEADER |
01435nam a2200265 i 4500 |
| 001 |
GR-MES1412 |
| 005 |
20250221114354.0 |
| 008 |
991111s1979 gr 000 0 gre d |
| 040 |
|
|
|a GrPaTEI
|b gre
|c GR-PaULI
|e AACR2
|
| 041 |
|
|
|a gre
|h fre
|
| 082 |
0 |
4 |
|a 658.314
|2 23
|
| 100 |
1 |
|
|a Bessis, Pierre
|9 208346
|e συγγραφέας.
|
| 245 |
0 |
2 |
|a Η δημιουργικότητα στις επιχειρήσεις /
|c Bessis, Pierre.
|
| 260 |
|
|
|a Αθήναι :
|b Πάμισος,
|c 1979.
|
| 300 |
|
|
|a 132 σ. ;
|c 21 εκ.
|
| 490 |
1 |
|
|a Εγκυκλοπαίδεια της επιχείρησης ;
|v 34
|
| 650 |
|
4 |
|a Δημιουργικότητα στην επιχείρηση
|9 208349
|
| 700 |
1 |
|
|a Jaoui, Hubert
|9 208350
|e συγγραφέας.
|
| 700 |
1 |
|
|a Τσαραβόπουλος, Νικόλαος
|9 208311
|e μεταφραστής.
|
| 830 |
|
0 |
|a Εγκυκλοπαίδεια της επιχειρήσεως (Πάμισος)
|v 34.
|9 164979
|
| 942 |
|
|
|2 ddc
|c BK
|
| 952 |
|
|
|0 0
|1 0
|2 ddc
|4 0
|6 658_314000000000000_BES
|7 0
|9 265584
|a MSLG
|b MSLG
|c BSC
|d 2021-01-17
|e 24
|f 0
|g 0.00
|i 2423
|l 0
|o 658.314 BES
|p 2420000002423
|r 2021-01-17 00:00:00
|t 1
|w 2021-01-17
|y BK15
|x 19991111 0 1
|x GrPaTEI
|
| 952 |
|
|
|0 0
|1 0
|2 ddc
|4 0
|6 658_314000000000000_BES
|7 0
|9 265585
|a MSLG
|b MSLG
|c BSC
|d 2021-01-17
|e 24
|f 0
|g 0.00
|i 2424
|l 0
|o 658.314 BES
|p 2420000002424
|r 2021-01-17 00:00:00
|t 2
|w 2021-01-17
|y BK15
|x 19991111 0 1
|x GrPaTEI
|
| 998 |
|
|
|c ΑΔΑΜΟΠΟΥΛΟΥ
|d 2025-02
|
| 999 |
|
|
|c 152665
|d 152665
|